Countries by Headlines From The Onion - Statistics

General Stats
  • This quiz has been taken 645 times
  • The average score is 6 of 9
Answer Stats
Hint Answer % Correct
______ Building New, Bigger Jesus Christ Statue Brazil
91%
_____ Changes ‘Fight Club’ Ending To Have Authorities Win China
89%
Kanye West Doxxes Drake By Sharing Map Of ______ On Instagram Canada
88%
City’s Little _____ Now Down To Single Meatball Italy
76%
____ Starts Stockpiling Strontium Just To Stress Out U.S. Intelligence Iran
63%
_________ Weighing Independence From Britain Australia
52%
‘You Know, If I Were You, I’d Go After _______,’ Says Biden Trying To Dissuade Putin From Invading Ukraine Finland
47%
Tensions Escalate As ______ Closes Embassy Inside Ben & Jerry’s Factory Israel
40%
[Residents of] ______ Woken Up At 6 A.M. By Angela Merkel’s Voice Booming Through Loudspeakers Across Country Greece
25%
No matching quizzes found
Score Distribution
Percent of People with Each Score
Percentile by Number Answered
Your Score History
You have not taken this quiz